=LDR 00000nam 2200000 4500 =001 000534 =005 20250711120948 =035 ##$$a 0010-0725000402 =007 ta =008 250711################a##########0#ind## =020 ##$$a 978-623-307-298-4 =082 ##$$a 398.209 598 =084 ##$$a 398.209 598 MAN m =100 #$$a Mandana, Kavitha =245 1#$$a Matematika di Taman Hiburan /$c Kavitha Mandana =250 ##$$a Cetakan Pertama =260 ##$$a Jakarta Timur :$b Badan Pengembangan dan Pembinaan Bahasa,$c 2022 =300 ##$$a 16 hlm : $b ilus. ; $c 29 cm =650 #4$$a Literasi-Bahan Bacaan =600 #4$$a Cerita anak Indonesia - Terjemahan =856 ##$$a TBM AS SUHADA =990 ##$$a TBM02930293 =990 ##$$a TBM02940294 =990 ##$$a TBM02960296